| Tag |
First Indicator |
Second Indicator |
Subfields |
| LEADER |
00000nam a2200000Ii 4500 |
| 001 |
in00004075868 |
| 005 |
20190506075907.0 |
| 006 |
m o d f |
| 007 |
cr bn||||||||| |
| 008 |
180710s1998 dcua ob f000 0 eng d |
| 035 |
|
|
|a (OCoLC)on1043762621
|
| 043 |
|
|
|a n-us---
|
| 040 |
|
|
|a ELC
|b eng
|e rda
|e pn
|c ELC
|d OCLCF
|d GPO
|d MvI
|
| 049 |
|
|
|a WWW
|
| 074 |
|
|
|a 0484-E (online)
|
| 086 |
0 |
|
|a EP 6.52:N 73/16
|
| 088 |
|
|
|a EPA-420-P-98-024
|
| 100 |
1 |
|
|a Beardsley, Megan,
|e author.
|
| 245 |
1 |
0 |
|a Exhaust emission factors for nonroad engine modeling, compression-ignition :
|b report no. NR-009A /
|c Megan Beardsley and Chris Lindhjem.
|
| 264 |
|
1 |
|a [Washington, D.C.] :
|b U.S. EPA, Office of Mobile Sources, Assessment and Modeling Division,
|c 1998.
|
| 300 |
|
|
|a 1 online resource (11 page, 3 pages, 5 pages, 7 pages)
|
| 336 |
|
|
|a text
|b txt
|2 rdacontent
|
| 337 |
|
|
|a computer
|b c
|2 rdamedia
|
| 338 |
|
|
|a online resource
|b cr
|2 rdacarrier
|
| 500 |
|
|
|a "EPA-420-P-98-024."
|
| 500 |
|
|
|a "February 13, 1998, revised June 15, 1998."
|
| 504 |
|
|
|a Includes bibliographical references.
|
| 588 |
|
|
|a Description based on online resource; title from PDF title page (EPA, viewed on July 10, 2018).
|
| 650 |
|
0 |
|a Off-road vehicles
|x Motors
|x Exhaust gas
|z United States.
|
| 650 |
|
0 |
|a Internal combustion engines
|x Environmental aspects.
|
| 650 |
|
0 |
|a Diesel motor
|x Environmental aspects.
|
| 650 |
|
7 |
|a Diesel motor
|x Environmental aspects.
|2 fast
|0 (OCoLC)fst00893225
|
| 650 |
|
7 |
|a Internal combustion engines
|x Environmental aspects.
|2 fast
|0 (OCoLC)fst00976530
|
| 651 |
|
7 |
|a United States.
|2 fast
|0 (OCoLC)fst01204155
|
| 700 |
1 |
|
|a Lindhjem, Chris,
|e author.
|
| 710 |
1 |
|
|a United States.
|b Environmental Protection Agency.
|b Assessment and Modeling Division,
|e issuing body.
|
| 856 |
4 |
0 |
|u https://purl.fdlp.gov/GPO/gpo115848
|t 0
|
| 999 |
f |
f |
|s afb0ecb1-2b11-30e5-9276-0ffa784a6c08
|i 13621997-b331-3974-abc6-57184397e496
|t 0
|
| 952 |
f |
f |
|a Texas A&M University
|b College Station
|c Electronic Resources
|d Available Online
|t 0
|e EP 6.52:N 73/16
|h Superintendent of Documents classification
|
| 998 |
f |
f |
|a EP 6.52:N 73/16
|t 0
|l Available Online
|